000 00385nam a22001577a 4500
999 _c4556
_d4556
003 GBCCL
005 20241126110521.0
008 180124b xxu||||| |||| 00| 0 eng d
040 _cgbc
082 _a226.806
_bSCO
100 _aScopes, W.
_98433
245 _aParables of Jesus /
_cW. Scopes
300 _a130 p.;
_c18 cm.
650 _aBible
_vN.T.
_xParables
_98434
942 _2ddc
_cBK
_02